| 000 | 00373 a2200133 4500 | ||
|---|---|---|---|
| 001 | 91985 | ||
| 082 | _aPR 1770 | ||
| 090 |
_c43939 _d43938 |
||
| 100 | _aAmir Saeed; Prof Atif Bin Mansoor, Advisor | ||
| 245 |
_aDesign of Real-Time Object Identification and Tracking System _n66 "B" EC |
||
| 260 |
_aRawalpindi _bNUST _c2009 |
||
| 300 | _a60p | ||
| 500 | _aBE Project Reports | ||
| 942 |
_aCAE NUST _kPR 1770 |
||
| 999 |
_c327058 _d327058 |
||